000 00477pab a2200169 454500
008 180718b2003 xxu||||| |||| 00| 0 eng d
100 _aSingh, soraisan Joychandra
245 _aA study of performance of investigating officers in Indian criminal justice system
260 _c2003
300 _ap.29-38.
362 _aJan-Mar
650 _aPolice - India
650 _aPolice
700 _aChanu, Loitongbam Bilashine
773 _aIndian Police Journal
909 _a58672
999 _c58672
_d58672